00340nam a2200121 a 450000100100000000500170001000800410002704000250006808200140009324500190010726000700012630000220019600002949720200930055607.0110418s19uu dr ac 000 0 spa d aDO-SdBNPbspacBNPHU axxxbD44100aDesarrollo 69. aSanto Domingo :bOficina de Desarrollo de la Comunidad,c[19--?]. a[22 p.] ;c23 cm.